Statistics for Countries by Currency Map Quiz

Click here to take the quiz!

General Stats

  • This quiz has been taken 425 times
  • The average score is 17 of 24

Answer Stats

Answer % Correct
Dollar
98%
Peso
95%
Pound
90%
Ruble
87%
Yen
87%
Rupee
83%
Krone
81%
Euro
81%
Złoty
79%
Yuan
75%
Real
73%
Lira
72%
Won
71%
Rand
70%
Bolívar
70%
Quetzal
68%
Franc
63%
Dong
62%
Baht
61%
Rupiah
59%
Dinar
59%
Sol
54%
Shilling
50%
Ringgit
48%

Score Distribution

Percentile by Number Answered

Percent of People with Each Score

Your Score History

You have not taken this quiz